Billie Eilish - L’AMOUR DE MA VIE lyric's - Statistics

General Stats
  • This quiz has been taken 822 times
  • The average score is 215 of 265
Answer Stats
Hint Answer % Correct
[Chorus] I
99%
i
99%
you
99%
You
99%
the
98%
The
98%
of
97%
a
96%
life
96%
for
95%
For
95%
love
95%
your
95%
be
94%
my
93%
My
93%
[Bridge] So
92%
so
92%
to
92%
we
92%
where
92%
when
91%
When
91%
in
90%
best
89%
rest
89%
were
89%
wish
89%
But
88%
sorry
85%
told
85%
lie
84%
said
84%
eyes
83%
Felt
83%
an
82%
[Refrain] It
82%
it
82%
was
82%
looked
81%
need
80%
confess
79%
me
79%
[Verse] Did
75%
did
75%
mine
75%
like
72%
on
72%
time?
71%
time
71%
Then
70%
break
68%
tried
68%
fall
67%
heart?
67%
Isn't
67%
isn't
67%
there
67%
apology
66%
because
66%
Because
66%
feel
65%
if
65%
never
65%
asking
64%
lot
64%
moved
64%
leave
61%
making
61%
not
61%
again
60%
waste
60%
kill
57%
you'd
57%
go
56%
her
56%
Now
51%
found
50%
It's
49%
Just
49%
what
48%
immediately
47%
could
46%
ever
42%
fault
41%
knew
41%
made
41%
[Chorus] Thought
41%
all
40%
why
40%
would
40%
hard
39%
depressed
38%
(Bum, bum, bum)
37%
it'd
37%
or
37%
upset
37%
mind
36%
stomach
36%
almost
35%
left
34%
losing
33%
obvious
33%
after
32%
No matching quizzes found
Score Distribution
Percent of People with Each Score
Percentile by Number Answered
Your Score History
You have not taken this quiz